Essentials of biostatistics, 2nd ed. (Record no. 5747)

MARC details
000 -LEADER
fixed length control field 00706nam a22002177a 4500
003 - CONTROL NUMBER IDENTIFIER
control field OSt
005 - DATE AND TIME OF LATEST TRANSACTION
control field 20251118083013.0
008 - FIXED-LENGTH DATA ELEMENTS--GENERAL INFORMATION
fixed length control field 251118b |||||||| |||| 00| 0 eng d
020 ## - INTERNATIONAL STANDARD BOOK NUMBER
International Standard Book Number 981-30477-39-9
040 ## - CATALOGING SOURCE
Original cataloging agency DWC-Main lib
Transcribing agency OC
082 ## - DEWEY DECIMAL CLASSIFICATION NUMBER
Classification number Circ. 574.01 El49 1995
100 ## - MAIN ENTRY--PERSONAL NAME
Personal name Elston, R.
245 ## - TITLE STATEMENT
Title Essentials of biostatistics, 2nd ed.
Statement of responsibility, etc. Elston, Robert C.
260 ## - PUBLICATION, DISTRIBUTION, ETC.
Place of publication, distribution, etc. Singapore :
Name of publisher, distributor, etc. Info Access & Distribution,
Date of publication, distribution, etc. c1995
300 ## - PHYSICAL DESCRIPTION
Extent xii, 328 pages :
Dimensions 23 cm.
504 ## - BIBLIOGRAPHY, ETC. NOTE
Bibliography, etc. note Includes index
650 ## - SUBJECT ADDED ENTRY--TOPICAL TERM
Source of heading or term Biochemistry
650 ## - SUBJECT ADDED ENTRY--TOPICAL TERM
Source of heading or term Medical Statistics
700 ## - ADDED ENTRY--PERSONAL NAME
Personal name Johnson, William D.
942 ## - ADDED ENTRY ELEMENTS (KOHA)
Source of classification or shelving scheme Dewey Decimal Classification
Koha item type Book Circulation
Edition 2nd edition
Classification part Circ. 574.01 El49 1995
Call number prefix Circ.
Suppress in OPAC No
952 ## - LOCATION AND ITEM INFORMATION (KOHA)
--
952 ## - LOCATION AND ITEM INFORMATION (KOHA)
--
952 ## - LOCATION AND ITEM INFORMATION (KOHA)
--
Holdings
Withdrawn status Lost status Source of classification or shelving scheme Damaged status Not for loan Home library Current library Shelving location Date acquired Source of acquisition Cost, normal purchase price Total Checkouts Full call number Barcode Date last seen Copy number Price effective from Koha item type Uniform Resource Identifier
    Dewey Decimal Classification     College Library College Library Circulation 12/14/2005 School Fund 195.00   Circ. 574.01 El49 1995 42556 11/18/2025 c3 11/18/2025 BK-CIRC
    Dewey Decimal Classification     College Library College Library Circulation 12/14/2005 School Fund 195.00   Circ. 574.01 El49 1995 42555 11/18/2025 c2 11/18/2025 BK-CIRC
    Dewey Decimal Classification     College Library College Library Circulation 12/14/2005 School Fund 195.00   Circ. 574.01 El49 1995 42554 11/18/2025 c1 11/18/2025 BK-CIRC